000 00617cam a2200241 4500
008 090401t1995 xxu||||| |||| 00| 0 eng d
020 _a1860120458
035 _a(Sirsi) u57373
041 _aeng
050 _a336.271
100 _aCrooks, Robert
245 _aTolley`s VAT on construction, land and property.
250 _a4th ed.
260 _aCroydon
_bTolley Publishing Company
_c1995
300 _axix,220p. ; 23cm.
350 _a29.95
650 _aBUILDING INDUSTRY
650 _aCONSTRUCTION INDUSTRY
650 _aVALUE ADDED TAX
690 _aTAXATION
942 _n0
948 _c04/03/1997
999 _c93928
_d93928